| 000 | 01004cam a2200301 a 4500 | ||
|---|---|---|---|
| 001 | 14583 | ||
| 003 | BD-RjUL | ||
| 005 | 20211208235644.0 | ||
| 008 | 140206s1969 enkah b 001 0 eng d | ||
| 020 | _a0370000374 | ||
| 035 | _a(BD-RjUL)14636 | ||
| 040 |
_aLC _beng _cLC _dLC _dBD-RjUL |
||
| 041 | _aeng | ||
| 082 | 0 | 0 |
_a623.74630943 _bHAG 1969 |
| 100 | 1 |
_aHaddow, G. W. _q(George William) _945465 |
|
| 245 | 1 | 4 |
_aThe German giants : _bthe story of the R-planes, 1914-1919 / _cby G. W. Haddow & Peter M. Grosz. |
| 250 | _a2nd ed. | ||
| 260 |
_aLondon : _bPutnam, _c1969. |
||
| 300 |
_aix, 310 p. : _billus., facsims. _c29 cm. |
||
| 504 | _aBibliography: p. 303-304. and index. | ||
| 650 | 0 |
_aBombers _zGermany. _945466 |
|
| 650 | 0 |
_aWorld War, 1914-1918 _xAerial operations, German. _945467 |
|
| 650 | 0 |
_aAeronautics, Military _zGermany. _945468 |
|
| 700 | 1 |
_aGrosz, Peter M. _q(Peter Michael), _d1926-, _ejoint author. _945469 |
|
| 942 |
_2ddc _cBK |
||
| 999 |
_c14583 _d14583 |
||